[Event "Mitropa Cup 21st"]
[Site "Leipzig"]
[Date "2002.05.04"]
[Round "2.4"]
[White "Gozzoli, Yannick"]
[Black "Brumen, Dinko"]
[Result "1/2-1/2"]
[WhiteElo "2313"]
[BlackElo "2408"]
[PlyCount "50"]
[EventDate "2002.05.03"]
[EventType "team-tourn"]
[EventRounds "9"]
[EventCountry "GER"]
[Source "ChessBase"]
[SourceDate "2002.08.12"]
[WhiteTeam "France"]
[BlackTeam "Croatia"]
[WhiteTeamCountry "FRA"]
[BlackTeamCountry "CRO"]

1. d4 d5 2. c4 e6 3. Nc3 Nf6 4. Nf3 Nbd7 5. Qc2 c6 6. e3 Bd6 7. g4 Bb4 8. Bd2
Qe7 9. Bd3 h6 10. a3 Bd6 11. cxd5 exd5 12. Rg1 Nf8 13. h3 Ne6 14. h4 Nf4 15.
Bf5 Bxf5 16. gxf5 O-O 17. O-O-O N4h5 18. e4 dxe4 19. Rde1 Rfe8 20. Bxh6 Bf4+
21. Bxf4 Nxf4 22. Kb1 Nd3 23. Re2 Nf4 24. Ree1 Nd3 25. Re2 Nf4 1/2-1/2

[Event "Mitropa Cup 21st"]
[Site "Leipzig"]
[Date "2002.05.04"]
[Round "2.2"]
[White "Graf, Alexander"]
[Black "Sedina, Elena"]
[Result "1-0"]
[WhiteElo "2623"]
[BlackElo "2407"]
[PlyCount "73"]
[EventDate "2002.05.03"]
[EventType "team-tourn"]
[EventRounds "9"]
[EventCountry "GER"]
[Source "ChessBase"]
[SourceDate "2002.08.12"]
[WhiteTeam "Germany"]
[BlackTeam "Italy"]
[WhiteTeamCountry "GER"]
[BlackTeamCountry "ITA"]

1. d4 Nf6 2. c4 c5 3. Nf3 cxd4 4. Nxd4 e5 5. Nb5 d5 6. cxd5 Bc5 7. N5c3 O-O 8.
a3 a5 9. e3 e4 10. Nd2 Qe7 11. Bc4 Rd8 12. Nf1 Nbd7 13. Ng3 Nb6 14. b3 Be6 15.
Qc2 Nbxd5 16. Nxd5 Bxd5 17. Bb2 Bxc4 18. Qxc4 Rac8 19. Qa4 b6 20. O-O Re8 21.
Bxf6 gxf6 22. Rfd1 Qe5 23. Rac1 f5 24. b4 axb4 25. axb4 Bf8 26. Rxc8 Rxc8 27.
Qd7 Qe6 28. Qb5 Qb3 29. Rf1 Rc5 30. Qxb6 Rd5 31. Qf6 Bg7 32. Qe7 Rd1 33. h3
Rxf1+ 34. Nxf1 Qb2 35. Qd8+ Bf8 36. Qg5+ Bg7 37. Ng3 1-0

[Event "Mitropa Cup 21st"]
[Site "Leipzig"]
[Date "2002.05.04"]
[Round "2.3"]
[White "Sarno, Spartaco"]
[Black "Doettling, Fabian"]
[Result "0-1"]
[WhiteElo "2399"]
[BlackElo "2540"]
[Annotator "Ribli"]
[PlyCount "68"]
[EventDate "2002.05.03"]
[EventType "team-tourn"]
[EventRounds "9"]
[EventCountry "GER"]
[Source "ChessBase"]
[SourceDate "2002.08.12"]
[WhiteTeam "Italy"]
[BlackTeam "Germany"]
[WhiteTeamCountry "ITA"]
[BlackTeamCountry "GER"]

1. c4 e6 2. Nf3 Nf6 3. g3 d5 4. b3 {Der Textzug umgeht die offene Variante der
Katalanischen Verteidigung (4.d4 dxc4) und die Variante 4.Bg2 dxc4.} Be7 5. Bg2
O-O 6. O-O b6 7. Bb2 Bb7 8. e3 Nbd7 {Das ist eine sichere Wahl - der Springer
steht auf d7 flexibler als auf c6.} 9. Nc3 {Dieser Springerzug wirkt natürlich,
9.Qe2 ist jedoch nachhaltiger.} (9. Qe2 dxc4 10. bxc4 Nc5 11. Ne5 (11. Bd4 Nfd7
12. Nc3 Na6 13. Na4 c5 14. Bb2 Bf6 15. d3 Bxb2 16. Qxb2 Qf6 17. Qxf6 Nxf6 18.
Ne5 Bxg2 19. Kxg2 Rfd8 20. a3 Nb8 21. f4 Nfd7 {1/2-1/2 Hickl,J-Rozentalis,E/1.
BL: Stuttgart-Castrop Rauxel 2002 (31)}) 11... Bxg2 12. Kxg2 Bd6 13. d4 (13.
Nf3 Be7) 13... Na4 14. Ba3 c5 15. Qc2 cxd4 16. exd4 Bxa3 $4 (16... Nc5) 17.
Nxa3 Qxd4 $2 (17... b5 $16) 18. Rfe1 $18 {1-0 Ftacnik,L-Stohl,I/Germany 2002 
(18)} (18. Rfe1 Nc5 19. Rad1 {[%csl Rd4]})) 9... Ne4 {Das ist die Idee des
schwarzen Aufbaus - 10.Nxe4 dxe4 wäre aufgrund des starken Pe4 bereits besser
für Schwarz. Anschließend kann er Be7 - f6 spielen.} 10. Ne2 (10. cxd5) (10.
Qc2) 10... Bf6 (10... a5 11. d3 Bf6 12. Qc2 Bxb2 13. Qxb2 Nd6 14. cxd5 Bxd5 (
14... exd5 $5 15. d4 c5 16. dxc5 bxc5 $13) 15. d4 $1 c5 16. Rfd1 Rc8 $6 17. Nf4
{1-0 Kasparov,G-Karpov,A/Sevilla 1987/MainBase/[Bulletin] (64)}) (10... dxc4
11. bxc4 c5 12. a4 Bf6 13. Qc2 Qc7 14. d3 Ng5 15. Nxg5 Bxg5 16. Bxb7 Qxb7 17.
a5 Bf6 {1/2-1/2 Sherbakov,R-Korneev,O/Moscow 1994/CBM 45 ext (27)}) (10... c5
11. d3 Bf6 12. Qc2 Bxb2 13. Qxb2 Nd6 14. Rfd1 Qe7 15. cxd5 Bxd5 16. Nf4 Bb7 17.
d4 Rfd8 $11) 11. d4 {Mit diesem Zug geht Weiß dem Läufertausch aus dem Wege.
Der Nachteil des Textzuges besteht allerdings darin, dass der Ne4 jetzt noch
stärker ist als zuvor, da er nicht mehr durch d2-d3 vertrieben werden kann.
Meines Erachtens ist 11.Qc2 hier die beste Fortsetzung für Weiß.} (11. Bxf6
Nexf6 12. cxd5 Bxd5 13. Nc3 Bb7 14. b4 c5 15. bxc5 Nxc5 16. d4 Nce4 17. Rc1
Nxc3 18. Rxc3 Rc8 19. Rxc8 Qxc8 20. Ne5 Qa8 21. Bxb7 Qxb7 22. Qb1 Rc8 {1/2-1/2
Petrosian,A-Dutreeuw,M/Eeklo 1991/EXT 2002 (46)}) (11. Qc2 $142 Bxb2 12. Qxb2
Nd6 13. cxd5 exd5 14. d4 a5 15. Nf4 Qe7 16. Rac1 c6 17. Bh3 f5 18. Nd3 {1-0
Spraggett,K-Rivas Pastor,M/Sevilla 1994/TD (41)}) 11... dxc4 $5 (11... c5 12.
Nf4 (12. cxd5 exd5 13. Rc1 Re8 14. Nf4 g6 15. Qe2 Nf8 16. Bh3 Ne6 17. Nxe6 fxe6
18. Ne5 {1-0 Jelen,I-Zlatilov,I/Ptuj 1991/CBM 24 ext (36)})) (11... a5 12. cxd5
exd5 13. Nf4 a4 14. bxa4 Ra5 15. Qc2 c6 16. Bh3 Re8 17. Rab1 Nb8 18. Ba3 b5 19.
Nd3 Rxa4 20. Bb4 {1/2-1/2 Dizdar,G-Loncar,R/Pula 1992/EXT 98 (43)}) 12. bxc4
Nd6 (12... c5 $5) 13. Rc1 (13. Qc2 c5) (13. Qb3 c5) 13... c5 $1 {Die Strategie
von Schwarz ist klar - nach Rc8 will er auf d4 tauschen, um das weiße
Bauernzentrum zu schwächen und zu attackieren.} 14. Qb3 Rc8 15. Rfd1 (15. d5 $2
exd5 16. cxd5 Bxb2 (16... c4 $17) 17. Qxb2 Bxd5 18. Rfd1 Bxf3 19. Bxf3 (19.
Rxd6 Bxg2 20. Kxg2 Qe7 $17) 19... Qe7 $17) (15. Ne5 Bxg2 16. Kxg2 cxd4 17. exd4
Qc7 $15) 15... cxd4 16. exd4 (16. Nexd4 Nc5 $15) (16. Nfxd4 Bxg2 17. Kxg2 Nc5
$17) 16... Ba6 $15 {Weiß hat Probleme mit seinen Zentrumsbauern.} 17. Nd2 (17.
Ne5 Bxe5 18. dxe5 Nxc4 19. Nf4 (19. Nd4 Nc5 20. Qb4 Nxb2 21. Qxb2 Nd3 $19)
19... Qe7 $17) 17... Bg5 {Mit der Drohung 18...Bxd2 provoziert Schwarz den Zug
19.f4.} (17... Qc7 18. Ba3 Rfd8 19. Bxd6 Qxd6 20. Qa4 Nb8 21. Ne4 Qe7 $11) 18.
f4 (18. Ba3 $5 Bxd2 19. Bxd6 Bxc1 20. Rxc1 $5 (20. Bxf8 Bxc4 $19) 20... Nb8 (
20... Re8 21. Qa4 {[%csl Ra6]}) 21. Bxf8 Qxf8 $11) 18... Be7 19. a4 $6 (19. Ba3
Rc7 $13 (19... Nxc4 $2 20. Bxe7 Nxd2 21. Qb4 $18)) (19. Rc2 $13) 19... Rc7 20.
Rc2 (20. Ba3) 20... Bb7 {Es ist eine gute strategische Idee, den Bg2
abzutauschen, denn (besonders aufgrund von  18.f4) ist das Feld e4 geschwächt.}
21. Bxb7 Nxb7 22. Nf1 Ndc5 $1 {[%cal Gd8d1] Schwarz nutzt dieses taktische
Motiv, um die Stellung seines Springers zu verbessern.} 23. Qa2 Ne4 {[%csl Ge4]
} 24. Ne3 (24. Nd2 Nxd2 (24... Nbd6 $15) 25. Rdxd2 Qc8 $15) 24... Na5 {[%csl
Rc4] Der richtet sein Spiel auf den Pc4 aus.} 25. Nc3 Nf6 (25... Nxc3 $6 26.
Bxc3 $11) 26. Nb5 Rd7 {Schwarz verfügt über die viel bessere
Figurenkoordination. Die weißen Bauern auf c4 und d4 sind schwach, und der
stolze Nb5 wird sein Feld nach a6 räumen müssen} 27. Bc3 (27. Rcd2 $6 Ne4 28.
Rc2 (28. Rd3 a6 29. Nc3 Nc5 $1 30. R3d2 Nab3) 28... a6 29. Nc3 Rxd4 $17) 27...
a6 28. Na3 (28. Bxa5 bxa5 $17) 28... Nc6 $17 {[%csl Rd4]} 29. d5 (29. Rcd2 Ne4
$19) 29... Bc5 $1 30. Re2 exd5 31. Bxf6 (31. cxd5 Nxd5 $19) 31... Qxf6 32. Rxd5
(32. cxd5 Nd4 $19) 32... Rxd5 33. cxd5 Nd4 $19 34. Rf2 (34. Re1 Nf3+ $19 {
[%cal Rf3e1,Rf3g1]}) 34... Nf5 {[%cal Rc5g1]} 0-1

[Event "Mitropa Cup 21st"]
[Site "Leipzig"]
[Date "2002.05.04"]
[Round "2.1"]
[White "Ruck, Robert"]
[Black "Beliavsky, Alexander G"]
[Result "1/2-1/2"]
[WhiteElo "2569"]
[BlackElo "2660"]
[Annotator "Huebner,R"]
[PlyCount "97"]
[EventDate "2002.05.03"]
[EventType "team-tourn"]
[EventRounds "9"]
[EventCountry "GER"]
[Source "ChessBase"]
[SourceDate "2002.08.12"]
[WhiteTeam "Hungary"]
[BlackTeam "Slovenia"]
[WhiteTeamCountry "HUN"]
[BlackTeamCountry "SLO"]

1. Nf3 d5 2. d4 Nf6 3. c4 c6 4. Nc3 dxc4 5. a4 Bf5 6. Ne5 Nbd7 7. Nxc4 Nb6 8.
Ne5 a5 9. f3 Nfd7 10. Nxd7 Nxd7 11. e4 Bg6 12. Qb3 e5 {Dies ist natürlich
besser als} (12... Qc7 13. Be3 e6 14. Rc1 Bb4 15. Be2 O-O 16. O-O Rad8 17. Kh1
$14 {1/2-1/2 Bielmeier,L-Bensch,P/Bayern 1998/EXT 2000 (54).  (53)}) 13. dxe5
Bb4 14. Be3 (14. e6 {führt zu nichts Gutem:} Nc5 15. exf7+ Bxf7 16. Qc2 Bb3 {
mit einer unerfreulichen Stellung für Weiß.}) (14. h4 h5 15. Bf4 Qe7 {schwächt
nur den Königsflügel des Weißen.}) 14... Nxe5 15. Be2 (15. Rd1 Qe7 16. Be2 f6
$11) 15... Nd3+ 16. Bxd3 ({Die Fortsetzung} 16. Kf1 Nc5 (16... Ne5 17. f4 {ist
ungünstig für Schwarz.}) 17. Bxc5 Bxc5 18. Qxb7 O-O 19. Qxc6 Rc8 (19... Qd4 20.
Nd1 Rfd8 21. Rc1 Rac8 22. Qb5 {ist nicht klar.}) 20. Qd5 Qh4 21. g3 Qh3+ 22.
Ke1 Qg2 {verspricht dem Weißen keine Freude.}) 16... Qxd3 17. Kf2 Qd6 18. Na2
Bc5 19. Rad1 Bxe3+ 20. Qxe3 Qe7 21. Rd4 $11 O-O 22. Rhd1 Rfe8 23. Nc3 Bf5 24.
Ne2 Be6 25. Nf4 Qh4+ 26. Kg1 Qg5 27. g3 b5 28. Kf2 Qh6 29. h4 bxa4 30. Rxa4 Qf6
31. Rd2 Reb8 32. e5 Qe7 33. Rad4 h6 34. Rd6 Rb3 35. Qc5 Rab8 36. Qxa5 Rxb2 37.
Nxe6 fxe6 38. Rxc6 Qf7 39. Rc8+ Rxc8 40. Rxb2 Qf5 41. Kg2 Rc2+ 42. Rxc2 Qxc2+
43. Kf1 Qc4+ 44. Kf2 Qc2+ 45. Ke3 Qb3+ 46. Ke2 Qc4+ 47. Kd2 Qd4+ 48. Ke2 Qc4+
49. Kf2 1/2-1/2

[Event "Mitropa Cup 21st"]
[Site "Leipzig"]
[Date "2002.05.04"]
[Round "2.2"]
[White "Pavasovic, Dusko"]
[Black "Berkes, Ferenc"]
[Result "1/2-1/2"]
[WhiteElo "2567"]
[BlackElo "2511"]
[PlyCount "96"]
[EventDate "2002.05.03"]
[EventType "team-tourn"]
[EventRounds "9"]
[EventCountry "GER"]
[Source "ChessBase"]
[SourceDate "2002.08.12"]
[WhiteTeam "Slovenia"]
[BlackTeam "Hungary"]
[WhiteTeamCountry "SLO"]
[BlackTeamCountry "HUN"]

1. e4 c5 2. c3 e6 3. d4 d5 4. exd5 exd5 5. Nf3 Nc6 6. Bb5 Bd6 7. O-O Nge7 8.
dxc5 Bxc5 9. Nbd2 O-O 10. Nb3 Bb6 11. Re1 a6 12. Bd3 Bf5 13. Be3 Bxe3 14. Rxe3
Qd6 15. Nbd4 Bxd3 16. Qxd3 Rad8 17. Rae1 Qf6 18. g3 g6 19. h4 h5 20. Kg2 Rd6
21. a4 Rdd8 22. b4 Rd7 23. b5 axb5 24. axb5 Nxd4 25. Nxd4 Nc8 26. Rf3 Qg7 27.
Rfe3 Qf6 28. Re5 Re7 29. Nf3 Rxe5 30. Rxe5 Nb6 31. Qd4 Qd6 32. Ng5 Qc7 33. Re1
Nc8 34. Qxd5 Qxc3 35. Re8 Qc7 36. Rxf8+ Kxf8 37. Qd4 Nd6 38. Qh8+ Ke7 39. Qe5+
Kd7 40. Nh7 Kc8 41. Nf6 Qd8 42. Qc5+ Qc7 43. Qe3 Qc4 44. b6 Qc6+ 45. Kh2 Kd8
46. Qd4 Kc8 47. Qe3 Kd8 48. Qd4 Kc8 1/2-1/2

[Event "Mitropa Cup 21st"]
[Site "Leipzig"]
[Date "2002.05.04"]
[Round "2.3"]
[White "Horvath, Adam"]
[Black "Mikhalchishin, Adrian"]
[Result "0-1"]
[WhiteElo "2464"]
[BlackElo "2535"]
[Annotator "Postny,E"]
[PlyCount "84"]
[EventDate "2002.05.03"]
[EventType "team-tourn"]
[EventRounds "9"]
[EventCountry "GER"]
[Source "ChessBase"]
[SourceDate "2002.08.12"]
[WhiteTeam "Hungary"]
[BlackTeam "Slovenia"]
[WhiteTeamCountry "HUN"]
[BlackTeamCountry "SLO"]

1. e4 e5 2. Nf3 Nc6 3. d4 exd4 4. Nxd4 Bc5 5. Nxc6 Qf6 6. Qd2 dxc6 7. Nc3 Bd7 {
This is a rare line in this position. Black is intending to castle queenside
on the next move.  The main lines are 7...Be6, 7...Ne7 as well as popular
continuation nowadays is 7...Bd4.} 8. Bd3 ({Also possible} 8. Na4 Bd6 9. Qe3 {
[%cal Ya4c5] as appeared in several games.}) 8... O-O-O ({Interesting is} 8...
Nh6 {,but probably not enough for equality:} 9. h3 O-O-O 10. Qf4 Qe7 11. Be3 f6
12. Bxc5 Qxc5 13. O-O-O Nf7 14. Rhe1 Rhe8 15. Qe3 Qxe3+ 16. Rxe3 $14 {1/2-1/2
Tiviakov,S-Flear,G/Port Erin 2001/CBM 84 ext (47)}) 9. Na4 Bd6 (9... Bd4 $6 {
- see the game Pavasovic,D-Wong Meng Kong/Istanbul ol 2000/CBM 80 [Postny]}) (
9... Be7 10. Qa5 Kb8 11. Be3 b6 12. Qc3 c5 $11 {0-1 Hamelink,D-Rapcsak,A/
Tallinn 1997/EXT 98 (28)}) 10. Qa5 (10. Qe3 Kb8 11. O-O Nh6 12. h3 Rhe8 $132 {
1/2-1/2 Erwich,M-Borisek,J/Oropesa del Mar 2001/EXT 2002 (45)}) 10... Qd4 $1 {
defending the Pa7 as well as threatening Bb4.} 11. Bd2 $146 (11. O-O c5 12. Nc3
Kb8 13. Nb5 Bxb5 14. Qxb5 Ne7 15. Be3 Qb4 16. f4 f6 17. Qxb4 cxb4 18. Rae1 $14
{1/2-1/2 Pavasovic,D-Jakubovic,N/Pula 2000/CBM 77 (28)}) 11... b5 12. Nc3 (12.
Bc3 $6 Qxa4 13. Qxa4 bxa4 14. Bxg7 Ne7 15. Bxh8 Rxh8 $15) 12... Qb6 13. Qxb6
cxb6 {The position is about equal. White has an extra pawn on the kingside,
but black's position is out of weaknesses and his pawnstructure is also more
flexible, then black usually gets in this opening variation.} 14. O-O-O Ne7 15.
f4 b4 {I think, black should not hurry with this push, because white wants to
transfer his N to better pastures anyway.} (15... f6) 16. Ne2 f6 17. h3 c5 ({
A bit more precise is} 17... Be6 {in order to meet white's 18.Ng3 with 18...
Bf7.}) 18. Ng3 {[%cal Gg3h5]} Be6 (18... h5 19. Rhe1 $36 {[%cal Ge4e5]}) 19.
Nh5 Bf7 (19... Rhg8 $5) 20. g4 (20. Nxg7 $1 Rhg8 21. e5 $1 fxe5 22. Nf5 Nxf5
23. Bxf5+ Kc7 24. fxe5 Bxe5 25. g4 $14) 20... c4 21. Be2 Rhg8 22. Rhf1 Nc6 23.
c3 Be7 24. g5 $2 {This is too optimistic.} (24. Ng3 {with approximate equality.
}) 24... bxc3 25. bxc3 (25. Bxc3 $142) 25... fxg5 26. fxg5 Ne5 $15 {[%csl Ge5]}
27. Rxf7 $2 {This desperate attempt to take the initiative only makes matters
worse for white.} Nxf7 28. Bxc4 Nxg5 $1 {The best decision in the position.
Giving back the exchange black gets big positional advantage.} (28... Rgf8 $6
29. h4 $44) 29. Bxg8 Rxg8 30. Kc2 $6 {Again white is aiming for active play,
but fails.} ({The least of the evils for white would be:} 30. Bxg5 Bxg5+ 31.
Kc2 g6 32. Ng3 {at least keeping the material balance.}) 30... Nxh3 31. Rf1 Rf8
{Simply preventing the only white's counterplay..} 32. Rh1 Nf2 33. Rf1 g6 ({of
course not} 33... Nxe4 $2 34. Re1) 34. Ng3 Ng4 35. Rh1 h5 {Two connected
passed pawns and well-coordinated pieces promises black an easy win.} 36. Be1
Rf3 37. Ne2 Bf6 38. Nd4 Re3 39. Bd2 Bxd4 40. Bxe3 Bxe3 41. Kd3 {A mistake in a
lost position.} Nf2+ 42. Kxe3 Nxh1 0-1

[Event "Mitropa Cup 21st"]
[Site "Leipzig"]
[Date "2002.05.04"]
[Round "2.4"]
[White "Mohr, Georg"]
[Black "Czebe, Attila"]
[Result "0-1"]
[WhiteElo "2509"]
[BlackElo "2462"]
[Annotator "Finkel,A"]
[PlyCount "107"]
[EventDate "2002.05.03"]
[EventType "team-tourn"]
[EventRounds "9"]
[EventCountry "GER"]
[Source "ChessBase"]
[SourceDate "2002.08.12"]
[WhiteTeam "Slovenia"]
[BlackTeam "Hungary"]
[WhiteTeamCountry "SLO"]
[BlackTeamCountry "HUN"]

1. Nf3 g6 2. e4 Bg7 3. d4 d6 4. Nc3 a6 5. a4 Nf6 6. Be2 O-O 7. O-O b6 8. e5 $5
{Hardly a good try to fight for advantage.} (8. Bf4 Bb7 (8... Nc6 9. h3 Qe8 10.
e5 Nd7 11. exd6 cxd6 12. Qd2 Bb7 13. Bh6 Qd8 14. Bxg7 Kxg7 15. Nd5 $5 e6 16.
Ne3 Ne7 17. c4 $14 {Ribli,Z-Gross,S/Germany 1990}) 9. e5 Nfd7 10. exd6 cxd6 11.
Qd2 Nc6 12. Bh6 Nf6 $11 {Pandavos,E-Ibragimov,I/Peristeri 1993}) 8... Ne8 (8...
Nfd7 9. exd6 (9. e6 fxe6 10. Ng5 Nf6 11. Re1 d5 12. Bf4 c5 13. dxc5 bxc5 14.
Bf3 Nc6 15. Nxe6 Bxe6 16. Rxe6 Nd4 $15 {Vescovi,G-Elsness,F/Cappelle la Grande
1995}) (9. Re1 dxe5 10. dxe5 Nc5 11. Be3 Nbd7 12. Bc4 $16 {Nisipeanu,L-Hillarp
Persson,T/Yerevan 1996}) 9... cxd6 10. d5 Nf6 11. Nd4 Bb7 12. Bf3 Nbd7 13. Bf4
Rc8 14. Nc6 Bxc6 15. dxc6 Nb8 $13 {Hawelko,M-Sznapik,A/Slupsk 1989}) (8... dxe5
$6 9. Nxe5 Nfd7 10. Bf3 Ra7 11. Nc4 Bb7 12. d5 Ne5 13. Nxe5 Bxe5 14. Re1 Nd7
15. Bg5 $14 {Damljanovic,B-Finkel,A/Belgrade 1999}) 9. Bf4 Bb7 (9... c6 10. Qd2
Nc7 11. Ne4 dxe5 12. Bxe5 Bxe5 13. Nxe5 Ne6 14. Rfd1 Qc7 $14 {1/2-1/2
Sarmiento Alfonso,S-Brito Garcia,A/Las Palmas 1999/CBM 73 ext (14)}) 10. Re1
Nc6 11. Bc4 {Bishop has nothing to do on b3 so this manouvre is just a waste
of time!} (11. Bg3 {[%cal Ge5e6]} Nb4 12. Bf1 c5 13. exd6 exd6 $13) 11... Nb4
12. Bb3 c5 13. dxc5 bxc5 14. exd6 exd6 15. Qd2 {Better was} (15. Rb1 $5 {[%csl
Gb2][%cal Gc3d5] aiming to play Nd5} d5 16. Na2 a5 17. c3 Nxa2 18. Bxa2 Nc7 19.
Qd2 $14 {with good position for white.}) 15... Rc8 (15... Bxf3 $6 16. gxf3 Qh4
17. Rad1 Bd4 18. Bg3 $14) 16. Bc4 (16. Bg5 Nf6 17. Rad1 c4 18. Ba2 Bxf3 19.
gxf3 d5 $15) 16... d5 17. Bf1 Nf6 18. Na2 Ne4 19. Qc1 d4 20. Bh6 $6 {Dubious
decision leaving the initiative in black's hands.} (20. Nd2 $1 Nxd2 21. Qxd2
Nxa2 22. Rxa2 c4 23. Be5 $11) 20... Qd5 21. Nxb4 cxb4 22. Bxg7 Kxg7 23. Qd1
Rfd8 24. b3 $6 (24. Bd3 Ng5 $1 {[%csl Rg2]} 25. Nh4 Nh3+ 26. Kf1 Nf4 27. Be4
Qc4+ $15) 24... Qc5 25. Bc4 (25. Bd3 Nc3 26. Qd2 Bxf3 27. gxf3 a5 $15) 25... d3
$1 26. cxd3 $6 {Giving up a queen for rook+knight which is not enough for the
strongest piece of course!} (26. Re3 $8 dxc2 (26... d2 $5 27. Bd3 f5 28. Qf1 (
28. Nxd2 $2 Nxf2 $1 $19 {[%cal Gf5f4]}) 28... Nxf2 29. Qxf2 f4 30. Re2 Bxf3 31.
Rxd2 Be4 $15) 27. Qxc2 Nd6 28. Qb2+ Kg8 29. Bf1 Nf5 $17) 26... Qxf2+ 27. Kh1
Qb6 $19 {[%cal Ge4f2]} 28. dxe4 Rxd1 29. Raxd1 Rd8 30. Rxd8 Qxd8 31. e5 Bc8 $1
32. h3 g5 33. Kh2 h5 34. Kg3 Be6 $6 {Permitting white to hold on for a while.}
(34... g4 $1 35. hxg4 hxg4 36. Nh4 Qd4 37. Re2 Kh6 38. Bxf7 Kg5 $19) 35. Bxe6
fxe6 36. Re4 a5 37. Nd4 Qc8 38. Re3 Kg6 39. Kf3 Qc1 40. Kf2 Qb2+ 41. Ne2 Qa1
42. g4 h4 43. Ng1 Qb2+ 44. Ne2 (44. Kf3 Qh2 $19) 44... Kf7 $1 {[%cal Gf7d7,
Gd7c6,Gc6d5,Gd5d4]} 45. Kf3 Ke7 46. Ke4 (46. Kf2 Kd7 47. Kf3 Kc6 48. Kf2 Kd5
49. Kf3 Qb1 50. Kf2 Qh1 $22 $19) 46... Qc2+ 47. Kf3 Qd1 48. Kf2 Kd7 49. Ng1
Qc2+ 50. Ke1 Kc6 51. Nf3 Kd5 52. Nd2 Kc5 53. Nc4 Kd4 54. Kf1 0-1

[Event "Mitropa Cup 21st"]
[Site "Leipzig"]
[Date "2002.05.04"]
[Round "2.1"]
[White "Markos, Jan"]
[Black "Kortschnoj, Viktor"]
[Result "1/2-1/2"]
[WhiteElo "2467"]
[BlackElo "2635"]
[PlyCount "62"]
[EventDate "2002.05.03"]
[EventType "team-tourn"]
[EventRounds "9"]
[EventCountry "GER"]
[Source "ChessBase"]
[SourceDate "2002.08.12"]
[WhiteTeam "Slovakia"]
[BlackTeam "Switzerland"]
[WhiteTeamCountry "SVK"]
[BlackTeamCountry "SUI"]

1. d4 Nf6 2. c4 e6 3. Nf3 d5 4. Nc3 c5 5. cxd5 Nxd5 6. e4 Nxc3 7. bxc3 cxd4 8.
cxd4 Bb4+ 9. Bd2 Bxd2+ 10. Qxd2 O-O 11. Bc4 a6 12. d5 exd5 13. Bxd5 Nd7 14. Rd1
Qe7 15. O-O Nf6 16. Rfe1 Bg4 17. Qf4 Rad8 18. e5 Nxd5 19. Qxg4 Nc7 20. h3 Ne6
21. Nd4 Nxd4 22. Rxd4 h5 23. Qh4 Rd7 24. Qxe7 Rxe7 25. f4 f6 26. e6 f5 27. Rd7
Rfe8 28. Re5 g6 29. Rc5 Kf8 30. Rcc7 b5 31. Ra7 Rxe6 1/2-1/2

[Event "Mitropa Cup 21st"]
[Site "Leipzig"]
[Date "2002.05.04"]
[Round "2.3"]
[White "Manik, Mikulas"]
[Black "Forster, Richard"]
[Result "1/2-1/2"]
[WhiteElo "2410"]
[BlackElo "2459"]
[PlyCount "54"]
[EventDate "2002.05.03"]
[EventType "team-tourn"]
[EventRounds "9"]
[EventCountry "GER"]
[Source "ChessBase"]
[SourceDate "2002.08.12"]
[WhiteTeam "Slovakia"]
[BlackTeam "Switzerland"]
[WhiteTeamCountry "SVK"]
[BlackTeamCountry "SUI"]

1. e4 Nf6 2. e5 Nd5 3. d4 d6 4. Nf3 dxe5 5. Nxe5 c6 6. Bc4 Nd7 7. Nf3 N7b6 8.
Bb3 Bg4 9. h3 Bh5 10. O-O e6 11. c4 Nf6 12. g4 Bg6 13. Ne5 Nfd7 14. Nxg6 hxg6
15. Kg2 Qh4 16. Qf3 O-O-O 17. Re1 c5 18. d5 Bd6 19. Nc3 Ne5 20. Qg3 Qxg3+ 21.
fxg3 exd5 22. cxd5 Nd3 23. Re3 c4 24. Bxc4 Nxb2 25. Bb3 N2c4 26. Re4 Be5 27.
Bb2 Nxb2 1/2-1/2

[Event "Mitropa Cup 21st"]
[Site "Leipzig"]
[Date "2002.05.05"]
[Round "3.3"]
[White "Hug, Werner"]
[Black "Kuba, Guenter"]
[Result "1-0"]
[WhiteElo "2461"]
[BlackElo "2317"]
[PlyCount "119"]
[EventDate "2002.05.03"]
[EventType "team-tourn"]
[EventRounds "9"]
[EventCountry "GER"]
[Source "ChessBase"]
[SourceDate "2002.08.12"]
[WhiteTeam "Switzerland"]
[BlackTeam "Austria"]
[WhiteTeamCountry "SUI"]
[BlackTeamCountry "AUT"]

1. Nf3 Nf6 2. d4 d5 3. c3 Bf5 4. Qb3 Qc8 5. Bg5 Nbd7 6. Nbd2 h6 7. Bh4 e6 8. e3
Bd6 9. Be2 O-O 10. O-O c6 11. c4 Ne4 12. Nxe4 Bxe4 13. Rac1 dxc4 14. Qxc4 Qc7
15. Bg3 Bxg3 16. hxg3 Qb6 17. Nd2 Bg6 18. Qc3 Rfe8 19. Nc4 Qc7 20. Qa3 Rad8 21.
Rfd1 Qb8 22. Rd2 e5 23. Rcd1 exd4 24. Rxd4 Nb6 25. Qa5 Rxd4 26. Rxd4 Nd5 27.
Bf3 Nf6 28. Qd2 Qc7 29. b4 b6 30. Nd6 Re6 31. g4 c5 32. Nb5 Qe7 33. Rd8+ Kh7
34. Ra8 cxb4 35. Rxa7 Qc5 36. Nd4 Rd6 37. Ra4 Qc3 38. Qxc3 bxc3 39. Rc4 c2 40.
Nxc2 Rd2 41. Nb4 Rb2 42. Rd4 b5 43. Bc6 Bb1 44. Bxb5 Bxa2 45. Bd3+ g6 46. Nxa2
Rxa2 47. f3 Kg7 48. Kh2 Ra7 49. Bb5 Rb7 50. Ba4 Ra7 51. e4 Ra5 52. Rb4 g5 53.
Kg3 Ng8 54. Bb3 Ra7 55. Kf2 Ne7 56. Rb5 Ng6 57. g3 Rc7 58. Ke2 f6 59. Bd5 Ne5
60. Rb3 1-0

[Event "Mitropa Cup 21st"]
[Site "Leipzig"]
[Date "2002.05.05"]
[Round "3.4"]
[White "Pilaj, Herwig"]
[Black "Moor, Olivier"]
[Result "1/2-1/2"]
[WhiteElo "2310"]
[BlackElo "2346"]
[PlyCount "82"]
[EventDate "2002.05.03"]
[EventType "team-tourn"]
[EventRounds "9"]
[EventCountry "GER"]
[Source "ChessBase"]
[SourceDate "2002.08.12"]
[WhiteTeam "Austria"]
[BlackTeam "Switzerland"]
[WhiteTeamCountry "AUT"]
[BlackTeamCountry "SUI"]

1. e4 e6 2. d4 d5 3. e5 c5 4. c3 Nc6 5. Nf3 Bd7 6. Be2 Nge7 7. h4 cxd4 8. cxd4
Qb6 9. Na3 Nf5 10. Nc2 Nb4 11. Nxb4 Bxb4+ 12. Kf1 Bb5 13. g4 Nh6 14. Bxh6 gxh6
15. Qb3 Rg8 16. a3 Bxe2+ 17. Kxe2 Qa6+ 18. Qd3 Be7 19. g5 Rc8 20. Qxa6 bxa6 21.
Kd3 Rb8 22. b4 Kd7 23. gxh6 Rg6 24. Rhg1 Rbg8 25. h5 Rxg1 26. Rxg1 Rxg1 27.
Nxg1 Bg5 28. Nh3 Bxh6 29. f4 Kc6 30. Kc3 a5 31. bxa5 Kb5 32. Kb3 Kxa5 33. Ng5
Bxg5 34. fxg5 Kb5 35. a4+ Ka5 36. Ka3 Kb6 37. Kb4 a5+ 38. Kc3 Kc6 39. Kd3 Kd7
40. Ke3 Ke7 41. Kf4 Kf8 1/2-1/2